| 000 | 00669nam a2200217 a 4500 | ||
|---|---|---|---|
| 001 | BRCA_7323 | ||
| 005 | 20190321142922.0 | ||
| 008 | 110712s1921----gw-a######---#000-0#ger-# | ||
| 041 | _ager | ||
| 044 | _agw | ||
| 050 | 4 | _b.D37 1921 | |
| 100 | 1 |
_aDarwin, Charles _d1809-1882 _918111 |
|
| 245 | 1 | 0 |
_aDie Abstammung des Menschen und die Buchtwahl in geschlechtlicher Beziehung _cvon Charles Darwin ; aus dem englischen übersetzt von David Haek. |
| 260 |
_aLeipzig, Alemania _bPhilipp Reclam _c[1921?] |
||
| 300 |
_a2 v. _bil. _c15 cm. |
||
| 500 | _aN16 | ||
| 650 | 1 | 4 |
_aOrigen del hombre _918112 |
| 700 | 1 |
_aHaek, David _etr. _918113 |
|
| 902 | _aGFM | ||
| 942 |
_2lcc _cB |
||
| 999 |
_c6999 _d6999 |
||